[Event "Reunion op 15th"]
[Site "St Denis"]
[Date "2013.10.18"]
[Round "8"]
[White "Rajaonson, Andriamahenina"]
[Black "Migale, Jose Ange Gaby"]
[Result "1-0"]
[WhiteElo "1904"]
[BlackElo "1635"]
[PlyCount "67"]
[EventDate "2013.10.12"]
[EventType "swiss"]
[EventRounds "9"]
[EventCountry "RUF"]
[SourceTitle "EXT 2014"]
[Source "ChessBase"]
[SourceDate "2013.11.20"]
[SourceVersion "1"]
[SourceVersionDate "2013.11.20"]
[SourceQuality "1"]

1. f4 e6 2. Nf3 Be7 3. d4 d5 4. e3 Nf6 5. Bd3 0-0 6. 0-0 c5 7. c3 c4 8. Bc2 Nbd7 9. Ne5 Ne8 10. Qh5 f5 11. Nd2 Ndf6 12. Qh3 Nd6 13. g4 Nfe4 14. g5 Bxg5 15. fxg5 Nxg5 16. Qg2 Ndf7 17. Ndf3 Nxe5 18. Nxe5 Nf7 19. Nf3 Nd6 20. Bd2 Ne4 21. Bxe4 dxe4 22. Ne5 Bd7 23. Rf4 Be8 24. Nxc4 g5 25. Rf2 Bh5 26. Ne5 Rf6 27. Kh1 Rg6 28. Nxg6 Bxg6 29. Rg1 h6 30. Qg3 Bh5 31. Rgf1 Qe7 32. Qe5 Kf8 33. c4 g4 34. Rxf5+ 1-0

[Event "Reunion op 15th"]
[Site "St Denis"]
[Date "2013.10.13"]
[Round "3"]
[White "Migale, Jose Ange Gaby"]
[Black "Labrande, Mona"]
[Result "1-0"]
[WhiteElo "1635"]
[BlackElo "1499"]
[PlyCount "41"]
[EventDate "2013.10.12"]
[EventType "swiss"]
[EventRounds "9"]
[EventCountry "RUF"]
[SourceTitle "EXT 2014"]
[Source "ChessBase"]
[SourceDate "2013.11.20"]
[SourceVersion "1"]
[SourceVersionDate "2013.11.20"]
[SourceQuality "1"]

1. e4 e5 2. Nf3 Nc6 3. Bb5 Nf6 4. d3 Bc5 5. c3 d5 6. Nxe5 0-0 7. Nxc6 bxc6 8. Bxc6 Rb8 9. e5 Ng4 10. d4 Bb6 11. Ba4 Bb7 12. Bc2 c6 13. h3 Nh6 14. Qd3 g6 15. Bxh6 Re8 16. 0-0 c5 17. Qd2 Ba5 18. Bg5 Qc7 19. Bf6 Re6 20. Qh6 Rxf6 21. exf6 1-0

[Event "Reunion op 15th"]
[Site "St Denis"]
[Date "2013.10.13"]
[Round "2"]
[White "Ratsimikatry, Caryl Patrick"]
[Black "Migale, Jose Ange Gaby"]
[Result "1-0"]
[WhiteElo "1892"]
[BlackElo "1635"]
[PlyCount "77"]
[EventDate "2013.10.12"]
[EventType "swiss"]
[EventRounds "9"]
[EventCountry "RUF"]
[SourceTitle "EXT 2014"]
[Source "ChessBase"]
[SourceDate "2013.11.20"]
[SourceVersion "1"]
[SourceVersionDate "2013.11.20"]
[SourceQuality "1"]

1. e4 e5 2. Nf3 Nc6 3. Bb5 d6 4. h3 a6 5. Ba4 Bd7 6. 0-0 Nf6 7. Re1 g6 8. c3 Bg7 9. d3 h6 10. Be3 0-0 11. Nbd2 Re8 12. Nf1 Nh5 13. Qd2 g5 14. Ng3 Nf4 15. d4 f6 16. Rad1 Re7 17. d5 Nb8 18. Bxd7 Nxd7 19. Nf5 Rf7 20. Nh2 Nf8 21. Ng4 N8g6 22. Ngxh6+ Bxh6 23. Nxh6+ Kg7 24. Nxf7 Kxf7 25. g3 Qd7 26. Bxf4 gxf4 27. Kg2 Rh8 28. Rh1 f5 29. Qd3 fxe4 30. Qxe4 fxg3 31. fxg3 Kg7 32. Rdf1 Qe7 33. Rf5 c6 34. dxc6 bxc6 35. Qxc6 e4 36. Rhf1 Rf8 37. Rxf8 Nxf8 38. Re1 Qg5 39. Qxe4 1-0